A sermon preached in St. Paul's before the Right Honourable the Lord Mayor /

Bibliographic Details
Main Author: Reynolds, Edward, 1599-1676
Format: Microform Book
Language:English
Series:Early English books, 1641-1700 ; 1408:50.
Subjects:

MARC

Tag First Indicator Second Indicator Subfields
LEADER 00000cam a2200000 a 4500
001 in00000888708
005 20150923135738.0
007 hd afv---baca
007 hz bfv---baaa
008 840406s1678 miu a 00010 eng d
035 |a (OCoLC)10603835 
035 |9 AEL3995AM 
037 |a CL0037000048  |b University Microfilms International 
037 |b University Microfilms International, 300 N. Zeeb Rd., Ann Arbor, MI 48106 
040 |a UMI  |c UMI  |d m/c  |d UtOrBLW 
043 |a e-uk-en 
045 |a u-u- 
049 |a TXAI 
090 |a BS1615.4  |b .R49 
099 |a film   |a  B   |a  3609 
100 1 |a Reynolds, Edward,  |d 1599-1676. 
245 1 2 |a A sermon preached in St. Paul's before the Right Honourable the Lord Mayor /  |c by Dr. Edward Reynolds, late Lord Bishop of Norwich. 
264 3 |a London :  |b Printed by J.M. for John Martyn,  |c 1678. 
300 |a 2 unnumbered pages, 28 pages 
336 |a text  |b txt  |2 rdacontent 
337 |a microform  |b h  |2 rdamedia 
338 |a microfilm reel  |b hd  |2 rdacarrier 
500 |a Reproduction of original in the Union Theological Seminary Library, New York. 
510 4 |a Wing  |c R1285. 
533 |a Microfilm.  |b Ann Arbor, Mich. :  |c University Microfilms International,  |d 1983.  |e 1 microfilm reel ; 35 mm.  |f (Early English books, 1641-1700 ; 1408:50) 
500 |a Microform. 
630 0 0 |a Bible.  |p Micah VI, 6-8  |x Sermons. 
650 0 |a Sermons, English  |y 17th century. 
830 0 |a Early English books, 1641-1700 ;  |v 1408:50. 
999 |a MARS 
999 f f |s b110037b-c007-39b1-8393-a88949488fbf  |i f69a2262-8de9-329b-94ae-7add0acf9026  |t 0 
952 f f |p default  |a Texas A&M University  |b College Station  |c Sterling C. Evans Library  |d Evans: Microforms (3rd floor)  |t 0  |e film B 3609 1408:50  |h Other scheme  |i microform -- microfilm reel 
998 f f |a film B 3609 1408:50  |t 0  |l Evans: Microforms (3rd floor)